Zum Thema F.X. Šalda und die deutsche Literatur

Titel: Zum Thema F.X. Šalda und die deutsche Literatur
Verfasser:
In: Brünner Beiträge zur Germanistik und Nordistik, Band 8 (1992), Seite 99-109
alle Artikel anzeigen
Veröffentlicht: 1992
Format: Aufsatz
Sprache: Deutsch
Schlagworte:
Kein Bild verfügbar
X
alg: 13069692
001A    $04504:23-08-05 
001B    $03025:08-07-21 $t08:09:32.000 
001C    $04504:16-06-14 $t16:07:59.000 
001D    $04504:23-08-05 
001U    $0utf8 
001X    $00 
002@    $0Aox 
003@    $0130696927 
007A    $0130696927 $aHEB 
007E    $040882 
010@    $ager 
011@    $a1992 
021A    $aZum Thema F.X. Šalda und die deutsche Literatur 
028A    $11937 $7135689899 $8Munzar, Jiří$Z1937- [Tp1] $9199377251 
031A    $d8 $h99-109 $j1992 
039B    $aIn $8--Abvc--. Brünner Beiträge zur Germanistik und Nordistik. - Brno : Masarykova Univerzita, 1977-. - ISSN 1211-4979 $x199200000080000901 $9047483814 
044K    $#Šalda, František Xaver $#Šalda, František X. $#Šalda, F. X. $#Š., F. X. $#F. X. Š. $#F-X-Š $7118750879 $8Šalda, František Xaver$Z1867-1937 [Tp1] $9087091577 
044K    $RProtektorat Böhmen und Mähren $RSlowakei $RSlowakei $RTschechien $#Tschechoslowakei $#Tschechoslowakei $#Tschechische und Slowakische Föderative Republik $#République Tchéco-Slovaque $#Tchécoslovaquie $#Československá Federativní Republika $#Česká a Slovenská Federativní Republika $#Czech and Slovak Federal Republic $#ČSFR $#ČSSR $#ČSR $#RČS $#Československo $#Československá Socialistická Republika $#Československá Republika $#Tschechoslowakische Sozialistische Republik $#Tschechoslowakische Republik $#Tschechoslowakische Föderative Republik $#Republika Československá $#Czechoslovakia $#Čechoslovakische Republik $#République Tchécho-Slovaque $#Tchéchoslovaquie $#Czechoslovak Socialist Republic $#Checoeslovaquia $#Cecoslovacchia $#Čechoslovakija $#République tchécoslovaque $74078435-6 $8Tschechoslowakei [Tg1] $9085222305 
045T    $a7,20 $a7,22 
045T    $aLING $qDE-30 $2FID 
045T    $aGER $qDE-30 $2FID 
045V    $804.06.00$jBeziehungen einzelner Völker zur deutschen Literatur [Tkx] $9118843397 

lok: 13069692 62

exp: 13069692 62 1 #EPN
201B/01 $016-06-14 $t16:07:59.000 
201U/01 $0utf8 
203@/01 $028671647X 
206W/01 $0perSW-1 28.12.2012 18:07:10 
206W/01 $0laenderSW 16.06.2014 16:07:58 
206W/01 $0s4758 
208@/01 $a09-08-05 $be 
209A/01 $a/ $f000 $x00 
209B/01 $a1992 $x05 
244Z/01 $a04.06.00#Tschechoslowakei  $x01 
244Z/01 $aŠalda, František Xaver  $x02 
247C/01 $8Frankfurt, Bibliographie der Deutschen Sprach- und Literaturwissenschaft $9113214561 

lok: 13069692 78

exp: 13069692 78 1 #EPN
201B/01 $008-07-21 $t08:09:32.000 
201C/01 $008-07-21 
201U/01 $0utf8 
203@/01 $01160693617 
208@/01 $a08-07-21 $be 
209A/01 $a/ $f000 $x00 
209A/01 $ab*p $x01 
220C/01 $apgar 
244Z/01 $#Böhmische Kronländer $#Länder der Böhmischen Krone $#Sudetenland $#Böhmen $#Mähren $#Mährisch-Schlesien $#Österreichisch-Schlesien $#Tschechische Sozialistische Republik Böhmische Länder $#Tschechei Böhmische Länder $#Země koruny české $74069573-6 $8--Tg1--Böhmische Länder $x01 $9085195553 
247C/01 $82080>Marburg/Lahn, Herder-Institut, Forschungsbibliothek, Bibliographieportal $9336309341
LEADER 00000caa a22000002c 4500
001 130696927
003 DE-603
005 20210708080932.0
007 tu
008 050823s1992 xx |||| | u00||u|ger c
035 |a (DE-599)HEB130696927 
040 |a DE-603  |b ger  |c DE-603  |d DE-603 
041 |a ger 
084 |a 7,20  |a 7,22  |2 ssgn 
084 |a LING  |q DE-30  |2 fid 
084 |a GER  |q DE-30  |2 fid 
100 1 |a Munzar, Jiří  |d 1937-  |0 (DE-603)199377251  |0 (DE-588)135689899  |2 gnd 
245 0 0 |a Zum Thema F.X. Šalda und die deutsche Literatur 
264 0 |c 1992 
600 1 7 |a Šalda, František Xaver  |d 1867-1937  |0 (DE-588)118750879  |0 (DE-603)087091577  |2 gnd 
651 7 |a Tschechoslowakei  |0 (DE-588)4078435-6  |0 (DE-603)085222305  |2 gnd 
773 0 8 |i In  |t Brünner Beiträge zur Germanistik und Nordistik  |d Brno : Masarykova Univerzita, 1977-  |h 25 cm  |x 1211-4979  |g Band 8 (1992), Seite 99-109  |w (DE-603)047483814  |w (DE-600)303173-1 
924 0 |9 603  |a (DE-603)28671647X  |b DE-603  |c HES  |d d 
924 0 |9 2080  |a (DE-603)1160693617  |b DE-2080  |c HES  |d d  |g /